000 00527nam a2200181Ia 4500
008 090124s9999 xx 000 0 und d
082 _b14234
100 _aजाधव कल्पना
245 _a उपेक्षिता
250 _a1
260 _bविजय़ प्रकाशन
_c1981
300 _a79
600 _aजाधव कल्पना
630 _a उपेक्षिता
700 _aजाधव कल्पना
730 _a उपेक्षिता
942 _cBOOK
999 _c87925
_d87925